000 00622nam a22002417a 4500
003 UA-OsUOA
001 26305
007 ta
008 20040526b un ||||| |||| 00| 0 ukr d
100 _aЗайченко Ю.П.
090 _a519
_bЗ-17
942 _cBK
040 _aUA-OsUOA
_brus
_cUA-OsUOA
_dUA-OsUOA
245 _aИсследование операций
_bУчебное пособие для студентов вузов
300 _a392 с.
955 _a0
041 _arus
080 _a519
260 _aКиев
_bВища школа
_c1979
044 _aRU
650 7 _2UDC
999 _c312625
_d312625